| 000 | 01049nmm a2200301 a 4500 | ||
|---|---|---|---|
| 001 | ocm000663680 | ||
| 003 | TR-IsHL | ||
| 005 | 20201028140818.0 | ||
| 008 | 131219s2008 tu tur | ||
| 007 | cr cn | ||
| 020 | _a9789944603584 | ||
| 035 |
_a663680 _b(N$T) |
||
| 050 | 0 | 4 |
_aHG3968.25 _b.S67 2008 |
| 090 | 0 | 4 |
_aHG3968.25 _b.S67 2008 |
| 245 | 1 | 0 |
_aSorularla açıklamalı güncel kambiyo mevzuatı _h[electronic resource] / _chaz. Raif Bakova, Cahit Büyüktürk |
| 260 |
_aİstanbul : _bİstanbul Ticaret Odası, _c2008 |
||
| 300 | _a130 p. | ||
| 650 | 4 | _aEkonomi ve Finans | |
| 650 | 4 | _aEconomics and Finance | |
| 650 | 0 |
_aTicaret _x Türkiye |
|
| 650 | 0 |
_aCommerce _x Turkey |
|
| 650 | 0 |
_aKambiyo _x Yasa ve Yasama _x Türkiye |
|
| 650 | 0 |
_aForeign Exchange _x Law and Legislation _x Turkey |
|
| 650 | 7 |
_aBUSINESS & ECONOMICS / Foreign Exchange _2bisacsh |
|
| 700 | 1 | _aBakova, Raif | |
| 700 | 1 | _aBüyüktürk, Cahit | |
| 856 | 4 | 0 | _uhttp://search.ebscohost.com/login.aspx?direct=true&scope=site&db=e011xww&AN=663680 |
| 999 |
_c7485 _d7485 |
||